Analýza nárokov absolventov Pedagogickej fakulty, Rímskokatolíckej Cyrilometodskej bohosloveckej fakulty a Evanjelickej bohosloveckej fakulty Univerzity Komenského v Bratislave na rozsah ekonomického vzdelávania poskytovaného nimi absolvovanou fakultou
Názory absolventov neekonomických študijných programov troch fakúlt Univerzity Komenského v Bratislave na rozsah ekonomického vzdelávania poskytovného ich fakultami.
Gespeichert in:
| 1. Verfasser: | |
|---|---|
| Format: | Buchkapitel |
| Sprache: | Slowakisch |
| Schlagworte: | |
| Tags: |
Keine Tags, Fügen Sie das erste Tag hinzu!
|
MARC
| LEADER | 00000naa$a2200000$$$4500 | ||
|---|---|---|---|
| 001 | 0192516 | ||
| 005 | 20240502073229.9 | ||
| 041 | 0 | |a slo | |
| 044 | |a SK | ||
| 245 | 1 | 0 | |a Analýza nárokov absolventov Pedagogickej fakulty, Rímskokatolíckej Cyrilometodskej bohosloveckej fakulty a Evanjelickej bohosloveckej fakulty Univerzity Komenského v Bratislave na rozsah ekonomického vzdelávania poskytovaného nimi absolvovanou fakultou |c Juraj Litomerický |
| 520 | |a Názory absolventov neekonomických študijných programov troch fakúlt Univerzity Komenského v Bratislave na rozsah ekonomického vzdelávania poskytovného ich fakultami. | ||
| 610 | 2 | 0 | |a univerzity |
| 610 | 2 | 0 | |a vzdelávanie vysokoškolské |
| 610 | 2 | 0 | |a programy študijné |
| 610 | 2 | 0 | |a vedy spoločenské |
| 610 | 2 | 0 | |a vedy humanitné |
| 610 | 2 | 0 | |a absolventi |
| 610 | 2 | 0 | |a vedomosti |
| 610 | 2 | 0 | |a ekonómia |
| 100 | 1 | |a Litomerický, Juraj | |